Advanced computer architecture / (Record no. 750)
[ view plain ]
| 000 -LEADER | |
|---|---|
| fixed length control field | 00769nac a22001931u 4500 |
| 008 - FIXED-LENGTH DATA ELEMENTS--GENERAL INFORMATION | |
| fixed length control field | 100831t xxu||||| |||| 00| 0 eng d |
| 020 ## - INTERNATIONAL STANDARD BOOK NUMBER | |
| International Standard Book Number | 9812548521 |
| 082 00 - DEWEY DECIMAL CLASSIFICATION NUMBER | |
| Classification number | 004.22 |
| Item number | P2731 |
| 100 ## - MAIN ENTRY--PERSONAL NAME | |
| Personal name | Partasarathy, K. A. |
| 9 (RLIN) | 17751 |
| 245 10 - TITLE STATEMENT | |
| Title | Advanced computer architecture / |
| Statement of responsibility, etc | K. A. Partasarathy, A. Ramachandran, R. Purushothaman. |
| 260 ## - PUBLICATION, DISTRIBUTION, ETC. (IMPRINT) | |
| Place of publication, distribution, etc | Australia : |
| Name of publisher, distributor, etc | Thomson , |
| Date of publication, distribution, etc | c2004. |
| 300 ## - PHYSICAL DESCRIPTION | |
| Extent | 436 p. : |
| Other physical details | ill. ; |
| Dimensions | 24 cm. |
| 500 ## - GENERAL NOTE | |
| General note | Includes index. |
| 650 #0 - SUBJECT ADDED ENTRY--TOPICAL TERM | |
| Topical term or geographic name as entry element | Computer architecture. |
| 9 (RLIN) | 17752 |
| 700 1# - ADDED ENTRY--PERSONAL NAME | |
| Personal name | Ramachandran, A. |
| 9 (RLIN) | 17753 |
| 700 1# - ADDED ENTRY--PERSONAL NAME | |
| Personal name | Purushothaman, R. |
| 9 (RLIN) | 17754 |
| 942 ## - ADDED ENTRY ELEMENTS (KOHA) | |
| Item type | Book - Borrowing |
| Call number prefix | 004.22P2731 |
| Source of classification or shelving scheme | Dewey Decimal Classification |
| Withdrawn status | Item status | Source of classification or shelving scheme | Damaged status | Not for loan | Vendor | Home library | Current library | Shelving location | Date acquired | Source of acquisition | Cost, normal purchase price | Total Checkouts | Total Renewals | Full call number | Barcode | Date last seen | Date last borrowed | Cost, replacement price | Koha item type |
|---|---|---|---|---|---|---|---|---|---|---|---|---|---|---|---|---|---|---|---|
| Dewey Decimal Classification | Central Library | Central Library | Lower Floor | 26/07/2006 | 94.00 | 2 | 1 | 004.22 PAR | 000003836 | 15/07/2025 | 24/07/2023 | 117.50 | Book - Borrowing |